Song to Artist #1: On Fire - Statistics

General Stats
  • This quiz has been taken 24 times
  • The average score is 10 of 20
Answer Stats
Hint Answer % Correct
Never Gonna Give You Up Rick Astley
90%
God's Plan Drake
85%
Havana ft. Young Thug Camila Cabello
75%
Lose Yourself Eminem
75%
Stitches Shawn Mendes
75%
Levitating Dua Lipa
70%
Sunflower ft. Swae Lee Post Malone
70%
Heat Waves Glass Animals
65%
Swalla ft. Ty Dolla Sign and Nicki Minaj Jason Derulo
65%
Something Just Like This ft. Coldplay The Chainsmokers
65%
The Hills The Weeknd
65%
First Class Jack Harlow
50%
I Don't Care ft. Justin Bieber Ed Sheeran
40%
Eastside ft. Halsey and Khalid benny blanco
35%
Lean Wit Me Juice WRLD
30%
Without You The Kid LAROI
25%
Staying Alive ft. Drake and Lil Baby DJ Khaled
20%
Silence ft. Khalid Marshmello
20%
Welcome To New York Taylor Swift
20%
Repeat It Lil Tecca
5%
No matching quizzes found
Score Distribution
Percent of People with Each Score
Percentile by Number Answered
Your Score History
You have not taken this quiz